| 000 -ლიდერი |
| ფიქსირებული სიგრძის საკონტროლო ველი |
01139nam a22002057a 4500 |
| 003 - საკონტროლო ნომრის იდენტიფიკატორი |
| საკონტროლო ველი |
Ge_BSU |
| 005 - ბოლო ოპერაციის თარიღი და დრო |
| საკონტროლო ველი |
20221213142357.0 |
| 008 - ფიქსირებული სიგრძის მონაცემთა ელემენტები - ზოგადი ინფორმაცია |
| ფიქსირებული სიგრძის საკონტროლო ველი |
221213s1970ge xxu||||| |||| 00| 0 geo d |
| 041 ## - ენის კოდი |
| Language code of text/sound track or separate title |
geo |
| 080 ## - უნივერსალური ათობითი კლასიფიკაციის ინდექსი |
| Universal Decimal Classification number |
634(479.22) ს-32 |
| 245 ## - ცნობა სათაურის შესახებ |
| Title |
საქართველოს მეხილეობა. |
| Remainder of title |
ტ. 2 / |
| Statement of responsibility, etc |
მთ. რედ. პროფ. ნ. ხომიზურაშვილი |
| 264 ## - წარმოების, გამოცემის, დისტრიბუციის და სხვა ცნობები |
| გამოცემის, წარმოების, დისტრიბუციის... ადგილი |
თბილისი : |
| გამოცემის, წარმოების, დისტრიბუციის... სახელწოდება |
მეცნიერება, |
| გამოცემის, წარმოების, დისტრიბუციის... თარიღი |
1970. |
| 300 ## - ფიზიკური აღწერა |
| Extent |
755 გვ. : |
| Other physical details |
ილ., 10 ჩართ. ფ. ილ. |
| 504 ## - BIBLIOGRAPHY, ETC. NOTE |
| Bibliography, etc |
ბიბლიოგრაფია ზოგიერთი სტატიის შემდეგ. |
| 520 ## - SUMMARY, ETC. |
| Summary, etc |
რეზუმე რუს. და ინგლ. ენ. ყოველი სტატიის ბოლოს. |
| 546 ## - LANGUAGE NOTE |
| Language note |
პარალელური სათაური რუსულ და ინგლისურ ენაზე |
| 653 ## - INDEX TERM--UNCONTROLLED |
| Uncontrolled term |
საქართველოს მეხილეობა. |
| 700 ## - ADDED ENTRY--PERSONAL NAME |
| Personal name |
ხომიზურაშვილი, ნ |
| Relator term |
მთავარი რედაქტორი |
| 9 (RLIN) |
16387 |
| 942 ## - ADDED ENTRY ELEMENTS (KOHA) |
| Source of classification or shelving scheme |
|
| Koha item type |
წიგნი |